Advanced Accountancy- Vol-II / (Record no. 161)

000 -LEADER
fixed length control field 00553nam a2200181Ia 4500
008 - FIXED-LENGTH DATA ELEMENTS--GENERAL INFORMATION
fixed length control field 190805s9999||||xx |||||||||||||| ||und||
020 ## - INTERNATIONAL STANDARD BOOK NUMBER
International Standard Book Number 9788180549885
Terms of availability Rs. 685.00
082 04 - DEWEY DECIMAL CLASSIFICATION NUMBER
Classification number 657.046
Item number G9592/v.2
100 1# - MAIN ENTRY--PERSONAL NAME
Personal name Gupta, R. L.
245 10 - TITLE STATEMENT
Title Advanced Accountancy- Vol-II /
250 ## - EDITION STATEMENT
Edition statement 17th ed.
260 ## - PUBLICATION, DISTRIBUTION, ETC. (IMPRINT)
Place of publication, distribution, etc New Delhi :
Name of publisher, distributor, etc Sultan Chand & Sons,
Date of publication, distribution, etc 2014, reprinted 2017
300 ## - PHYSICAL DESCRIPTION
Extent various pagination
Other physical details :
Dimensions ;
650 #0 - SUBJECT ADDED ENTRY--TOPICAL TERM
Topical term or geographic name as entry element Accounting
Form subdivision Textbooks
700 1# - ADDED ENTRY--PERSONAL NAME
Personal name Radhaswamy, M.
852 ## - LOCATION/CALL NUMBER
Location
942 ## - ADDED ENTRY ELEMENTS (KOHA)
Item type Books
Holdings
Withdrawn status Lost status Damaged status Not for loan Collection code Permanent location Current location Shelving location Date acquired Source of acquisition Cost, normal purchase price Full call number Barcode Date last seen Koha item type Public note Total Checkouts Date last borrowed
        Management Studies IMU Kochi Library IMU Kochi Library General Stacks 2017-05-30 Sultan Chand & Sons 685.00 657.046 G9592/v.2 BK003290 2019-08-05 Books Gen. Shelf-17, Row-2    
        Management Studies IMU Kochi Library IMU Kochi Library General Stacks 2017-05-30 Sultan Chand & Sons 685.00 657.046 G9592/v.2 BK003291 2019-08-05 Books Gen. Shelf-17, Row-2    
        Management Studies IMU Kochi Library IMU Kochi Library General Stacks 2017-05-30 Sultan Chand & Sons 685.00 657.046 G9592/v.2 BK003292 2024-11-18 Books Gen. Shelf-17, Row-2 1 2024-11-04
        Management Studies IMU Kochi Library IMU Kochi Library General Stacks 2017-05-30 Sultan Chand & Sons 685.00 657.046 G9592/v.2 BK003293 2019-08-05 Books Gen. Shelf-17, Row-2    
        Management Studies IMU Kochi Library IMU Kochi Library General Stacks 2017-05-30 Sultan Chand & Sons 685.00 657.046 G9592/v.2 BK003289 2023-05-11 Books Gen. Shelf-17, Row-2 1 2023-05-11


Copyright © All Rights Reserved by Indian Maritime University, Kochi Campus.
For any Suggestions/Query Contact to library or Email: library.kochi@imu.ac.in Ph:(0484)-2989402
(Web OPAC Designed by Rudra Ranjan. Maintained by IMU Kochi Library)

Powered by Koha